[Event "Titled Tuesday intern op 6th Nov"]
[Site "Chess.com INT"]
[Date "2018.11.06"]
[Round "3"]
[White "Husbands, Orlando"]
[Black "Salinas Herrera, Pablo Patricio"]
[Result "1-0"]
[WhiteElo "2262"]
[BlackElo "2486"]
[PlyCount "77"]
[EventDate "2018.11.06"]
[EventType "swiss (blitz)"]
[EventRounds "10"]
[EventCountry "USA"]
[SourceTitle "EXT 2021"]
[Source "ChessBase"]
[SourceDate "2020.10.23"]
[SourceVersion "1"]
[SourceVersionDate "2020.10.23"]
[SourceQuality "1"]

1. e4 c5 2. Nf3 e6 3. d4 cxd4 4. Nxd4 a6 5. Bd3 Bc5 6. Nb3 Ba7 7. Qe2 Nc6 8. 0-0 Nge7 9. Nc3 0-0 10. Be3 d5 11. Bxa7 Rxa7 12. Rad1 d4 13. Nb1 e5 14. a3 b5 15. c3 Be6 16. Nc5 Qd6 17. Nxe6 Qxe6 18. a4 b4 19. Bxa6 bxc3 20. Bc4 Qc8 21. bxc3 dxc3 22. Nxc3 Nd4 23. Qd3 Ng6 24. Nd5 Kh8 25. Bb5 f5 26. exf5 Nxf5 27. Rfe1 Raf7 28. Nb6 Qb7 29. Nd7 Nfh4 30. Qe4 Qa7 31. Nxf8 Rxf8 32. Re3 Nf4 33. Qxe5 Nhxg2 34. Rd7 Qxd7 35. Bxd7 Nxe3 36. fxe3 Ne2+ 37. Kg2 h5 38. Bb5 Nc1 39. Qxh5+ 1-0

[Event "Olympiad-43"]
[Site "Batumi"]
[Date "2018.10.04"]
[Round "10.1"]
[White "Greet, Andrew"]
[Black "Husbands, Orlando"]
[Result "0-1"]
[WhiteElo "2441"]
[BlackElo "2262"]
[PlyCount "144"]
[EventDate "2018.09.24"]
[EventType "team-swiss"]
[EventRounds "11"]
[EventCountry "GEO"]
[SourceTitle "CBM 187"]
[Source "ChessBase"]
[SourceDate "2018.12.11"]
[SourceVersion "1"]
[SourceVersionDate "2018.12.11"]
[SourceQuality "1"]
[WhiteTeam "Scotland"]
[BlackTeam "Barbados"]
[WhiteTeamCountry "SCO"]
[BlackTeamCountry "BAR"]

1. d4 Nf6 2. c4 e6 3. a3 b6 4. Nc3 Bb7 5. Nf3 d5 6. cxd5 exd5 7. Bf4 Bd6 8. Bxd6 Qxd6 9. e3 0-0 10. b4 c6 11. Bd3 a5 12. Rb1 Nbd7 13. 0-0 Rfe8 14. Qc2 Qe7 15. bxa5 Rxa5 16. a4 Ba6 17. Bxa6 Rxa6 18. Rfc1 g6 19. h3 Rea8 20. Ne1 c5 21. Nd3 Nf8 22. Nf4 Qd7 23. Rd1 cxd4 24. Rxd4 Ne6 25. Rxd5 Nxd5 26. Ncxd5 Qxa4 27. Qc3 Nxf4 28. Nf6+ Kg7 29. exf4 b5 30. Nh5+ Kf8 31. Re1 Re6 32. Qg7+ Ke7 33. Rxe6+ Kxe6 34. Qf6+ Kd7 35. Qxf7+ Kc6 36. Nf6 Qd4 37. Qe6+ Kc5 38. Ne4+ Kb4 39. Kh2 Ra7 40. Kg3 Rd7 41. f3 Qd5 42. Qf6 Rc7 43. Qb2+ Ka5 44. Qa3+ Kb6 45. h4 Qd4 46. Qb3 b4 47. Qe6+ Rc6 48. Qg8 Kb5 49. h5 gxh5 50. Qb8+ Rb6 51. Qe8+ Ka5 52. f5 h4+ 53. Kxh4 b3 54. Qf7 b2 55. Qa2+ Kb4 56. Kg4 Qg7+ 57. Kf4 Qc7+ 58. Kg4 Qc1 59. Qa7 h5+ 60. Kg3 Qe1+ 61. Kf4 Qc1+ 62. Kg3 h4+ 63. Kg4 Rb5 64. Qd4+ Ka3 65. Qd6+ Rb4 66. Qa6+ Ra4 67. Qd6+ Ka2 68. Qd5+ Qc4 69. Qd2 Ka1 70. Kxh4 b1Q 71. g3 Qh1+ 72. Kg4 Qg8+ 0-1

[Event "Olympiad-43"]
[Site "Batumi"]
[Date "2018.09.28"]
[Round "5.81"]
[White "Husbands, Orlando"]
[Black "Frick, Renato"]
[Result "1-0"]
[WhiteElo "2262"]
[BlackElo "2058"]
[PlyCount "107"]
[EventDate "2018.09.24"]
[EventType "team-swiss"]
[EventRounds "11"]
[EventCountry "GEO"]
[SourceTitle "CBM 187"]
[Source "ChessBase"]
[SourceDate "2018.12.11"]
[SourceVersion "1"]
[SourceVersionDate "2018.12.11"]
[SourceQuality "1"]
[WhiteTeam "Barbados"]
[BlackTeam "Liechtenstein"]
[WhiteTeamCountry "BAR"]
[BlackTeamCountry "LIE"]

1. e4 c5 2. Nf3 d6 3. d4 cxd4 4. Nxd4 Nf6 5. Nc3 a6 6. Bg5 e6 7. f4 h6 8. Bh4 Qb6 9. a3 Be7 10. Bf2 Qc7 11. Qf3 Nbd7 12. 0-0-0 b5 13. g4 Bb7 14. Bg2 g5 15. f5 e5 16. Nb3 Rc8 17. Qe2 Nb6 18. Kb1 Nc4 19. Rd3 h5 20. h3 Bc6 21. Nd2 Qb7 22. Rd1 Nxd2+ 23. R1xd2 b4 24. axb4 Qxb4 25. Rd1 Rb8 26. b3 Qa3 27. Be3 hxg4 28. hxg4 Nd7 29. Nd5 Bxd5 30. Bc1 Qa4 31. Rxd5 f6 32. Bb2 Qc6 33. Bf1 Rh4 34. Qf3 Nc5 35. Bc4 a5 36. Rh1 a4 37. Rxh4 gxh4 38. Ba3 axb3 39. cxb3 Na4 40. Ka2 Nc5 41. Bxc5 dxc5 42. g5 Bd6 43. Qh5+ Kd8 44. Qh8+ Kc7 45. Qg7+ Qd7 46. Qxd7+ Kxd7 47. g6 h3 48. g7 Rg8 49. Rxd6+ Kxd6 50. Bxg8 h2 51. Bd5 h1Q 52. g8Q c4 53. Qf8+ Kc7 54. Qc5+ 1-0